Ten little mummies : an Egyptian counting book / ... Read More
Available copies
- 1 of 1 copy available at LARL/NWRL Consortium.
Current holds
0 current holds with 1 total copy.
Show Only Available Copies
| Location | Call Number / Copy Notes | Barcode | Shelving Location | Status | Due Date |
|---|---|---|---|---|---|
| Thief River Falls Public Library | e YAT (Text) | 35500003820857 | Main | Available | - |
Record details
- ISBN: 0142403679
- Physical Description: 1 v. (unpaged) : col. ill. ; 27 cm.
- Publisher: New York : Puffin Books, 2005.
Content descriptions
| Summary, etc.: | Ten little mummies become bored with staying in a ... Read More |
Search for related items by subject
| Subject: | Mummies > Fiction. Egypt > Fiction. Counting. |
| LDR | 00963cam a2200241Ia 4500 | ||
|---|---|---|---|
| 001 | 69810 | ||
| 003 | LARL_NWRL_CONSORTIUM | ||
| 005 | 20060602153200.0 | ||
| 008 | 050826s2005 nyua b 000 1 eng | ||
| 020 | . | ‡a0142403679 | |
| 035 | . | ‡a(OCoLC)61357258 | |
| 040 | . | ‡aBKL ‡cBKL ‡dBAKER ‡dRL9 ‡dNRG | |
| 100 | 1 | . | ‡aYates, Philip, ‡d1956- ‡0(LARL_NWRL_CONSORTIUM)112643 |
| 245 | 1 | 0. | ‡aTen little mummies : ‡ban Egyptian counting book / ‡cby Philip Yates ; illustrated by G. Brian Karas. |
| 260 | . | ‡aNew York : ‡bPuffin Books, ‡c2005. | |
| 300 | . | ‡a1 v. (unpaged) : ‡bcol. ill. ; ‡c27 cm. | |
| 520 | . | ‡aTen little mummies become bored with staying in a room together all day but when they go outside to play they disappear, one by one. | |
| 650 | 0. | ‡aMummies ‡vFiction. ‡0(LARL_NWRL_CONSORTIUM)166277 | |
| 651 | 0. | ‡aEgypt ‡vFiction. ‡0(LARL_NWRL_CONSORTIUM)164783 | |
| 650 | 0. | ‡aCounting. ‡0(LARL_NWRL_CONSORTIUM)17891 | |
| 700 | 1 | . | ‡aKaras, G. Brian. ‡0(LARL_NWRL_CONSORTIUM)77969 |
| 901 | . | ‡a69810 ‡bOCLC ‡c69810 ‡tbiblio | |

Add to basket
Permalink
Disable Highlighting